| 000 | 00695nam a2200181Ia 4500 | ||
|---|---|---|---|
| 008 | 090630s9999 xx 000 0 und d | ||
| 082 | _b26254 | ||
| 100 | _aअनु. किणीकर रॉय. | ||
| 245 |
_aएकदाच अशी रात्र येते. _cअनु. किणीकर रॉय. |
||
| 260 |
_bडायमंड - पुणे. _c2007 |
||
| 300 | _a127 | ||
| 600 | _aअनु. किणीकर रॉय. | ||
| 630 | _aएकदाच अशी रात्र येते. | ||
| 655 | _aलघुकथा. | ||
| 700 | _aअनु. किणीकर रॉय. | ||
| 730 | _aएकदाच अशी रात्र येते. | ||
| 942 | _cBOOK | ||
| 999 |
_c278110 _d278110 |
||